下列哪些汉字是后鼻音?扫雷模式 - Statistics

General Stats
  • This quiz has been taken 57 times
  • The average score is 14 of 15
Answers on the Grid
Answers color-coded by a green-red scale on the quiz's grid according to % correct below.
 
Answer Stats
Answer % Correct
jīng
98%
fēng
95%
bīng
95%
chéng
95%
xīng
95%
yīng
95%
xìng
93%
gēng
93%
zhèng
93%
líng
93%
míng
90%
xīng
90%
jìng
90%
qīng
88%
píng
85%
No matching quizzes found
Score Distribution
Percent of People with Each Score
Percentile by Number Answered
Your Score History
You have not taken this quiz